Mythical Pokémon Trivia - Statistics

General Stats
  • This quiz has been taken 40 times
  • The average score is 9 of 20
Answer Stats
Hint Answer % Correct
The most common type among Mythical Pokémon Psychic
97%
The master of the Loyal Three Pecharunt
73%
Which team revived Genesect from a Fossil in an attempt to create the strongest Pokémon in existence Team Plasma
73%
The Liberty Pass will allow you to encounter which Mythical Pokémon? Victini
60%
Which of Meloetta's forms is Normal/Psychic type Aria Form
57%
Magearna's Ability Soul-Heart
53%
In Pokémon Platinum, the player can register which Mythical Pokémon as seen in the Pokédex by inspecting a book in Mr. Backlot's room at the Pokémon Mansion Manaphy
50%
The Mythical Pokémon officially revealed on Pokémon Day 2020 Zarude
50%
The Base Power of Melmetal's signature move, Double Iron Bash 60
47%
A Mythical Pokémon with a unique type combination Volcanion
47%
The only Pokémon to have no difference between normal and shiny versions in it's normal form, the only colour difference is when the Pokémon is in a different form Marshadow
37%
In which core series game is the only instance of Mew being encountered in the wild (not including glitches) Pokémon Emerald
37%
The core series Pokémon game with the most Mythical Pokémon obtainable without events Pokémon Legends: Arceus
37%
A Mythical Pokémon that can be caught at Ballimere Lake Keldeo
30%
This held item is used to transform Hoopa Confined to Hoopa Unbound Prison Bottle
30%
A Mythical Pokémon with the Pressure Ability Deoxys
23%
The Mythical Pokémon that has the Magic Bounce Ability Mega Diancie
23%
Other than the Plates, which kind of held item will cause Arceus to change type and form? Z-Crystals
23%
The only Mythical Pokémon that could be encountered in a Max Raid Battle Zeraora
23%
The Region in Pokémon Conquest shaped like Arceus Ransei
10%
No matching quizzes found
Score Distribution
Percent of People with Each Score
Percentile by Number Answered
Your Score History
You have not taken this quiz